Quiz o Mongolii - Statystyki

Ogólne statystyki
  • Ten quiz został rozwiązany 1 120 razy
  • Średni wynik to 10 z 20
Statystyki odpowiedzi
Wskazówka Odpowiedź % Poprawnych
Stolica Ułan Bator
96%
Główna pustynia znajduje się w Mongolii i Chinach Gobi
90%
Religia, którą wyznaje nieco ponad 50% populacji mongolskiej Buddyzm
85%
Najbliższe państwo, które nie graniczy z Mongolią Kazachstan
82%
Ideologia państwowa Mongolii w latach 1924–1992 Komunizm
72%
Narodowe zwierzę Mongolii, którego populacja nieco przekraczaliczbę ludzi w państwie Koń
70%
Założyciel Imperium Mongolskiego Czyngis-chan
69%
Określenie rozległych łąk w Azji, które obejmują znaczną część Mongolii Step
68%
Rodzaj przenośnego mieszkania używanego przez koczowniczych mieszkańców Mongolii Ger | Jurta
49%
Region chiński graniczący ze wschodnią Mongolią Mongolia {Wewnętrzna}
42%
Rodzaj wielbłąda, posiadający dwa garby, występujący w Mongolii Baktrian
36%
Inne imię powyższego Temudżyn
34%
Współczesne miasto, które było ostatnią stolicą Imperium Mongolskiego Pekin
30%
Pasmo górskie na zachodnim krańcu Mongolii Ałtaj
27%
Mongolski Chan, który podbił Chiny w 1279 roku {Kubilaj}-chan
26%
Typ orła używany do polowań w zachodniej Mongolii Orzeł {przedni}
25%
Polskie tłumaczenie powyższej Czerwony Bohater
22%
Dynastia chińska utworzona przez powyższego władcę Dynastia {Yuan}
22%
Waluta Tugrik
18%
Sektor gospodarki Mongolii, który odpowiada za 80% jej eksportu Górnictwo
17%
Nie znaleziono quizów pasujących do podanych kryteriów
Rozkład punktacji
Procent ludzi z każdym wynikiem
Percentyl według liczby udzielonych odpowiedzi
Twoja historia wyników
Nie rozwiązałeś tego quizu